| 000 | 00000nam##2200000za#4500 |
| 001 | 9.699006 |
| 003 | CaOODSP |
| 005 | 20241203113638 |
| 007 | cr ||||||||||| |
| 008 | 150407|2004||||xxc|||||o f|0| 0 eng|d |
| 040 | |aCaOODSP|beng |
| 043 | |an-cn--- |
| 086 | 1 |aEn14-138/2004E-PDF |
| 110 | 1 |aCanada. |bEnvironment Canada. |
| 245 | 10|aLow sulphur diesel and transit bus retrofits : |h[electronic resource]|blessons learned by the Region of Waterloo / |cprepared with assistance from Rob Bromley ; [co-published by the] Ontario Public Health Association. |
| 260 | |aOttawa - Ontario : |bEnvironment Canada |cc2004. |
| 300 | |a4p.|bphotographs |
| 590 | |a14-08-Supp|b2014-04-10 |
| 690 | 07|aAir pollution|2gcpds |
| 690 | 07|aPublic transit|2gcpds |
| 775 | 08|tCarburant diesel à faible teneur en soufre et post-transformation des véhicules de transport en commun : |w(CaOODSP)9.643013 |
| 856 | 40|ahttp://publications.gc.ca|qPDF|s2.36 MB|uhttps://publications.gc.ca/collections/collection_2014/ec/En14-138-2004-eng.pdf |